000 00438nam a2200193Ia 4500
008 240510s9999 xx 000 0 und d
020 _a0008173662118
041 _aEng
082 _a006.76
082 _bP65
100 _aAVEDAL K. (ET-AL)
245 0 _aPROFESSIONAL JSP
260 _bU.S.A. : WROX
260 _c2000
300 _a896 p.
650 _aJSP : JAVA SERVER PAGES: WEB DESIGNING
942 _2ddc
942 _cRBK
999 _c26793
_d26793
945 _a1
_bMadushi Gamage
_c1
_dMadushi Gamage